Normal view
MARC view
Entry Topical Term
001 - CONTROL NUMBER
- control field: 574331
003 - CONTROL NUMBER IDENTIFIER
- control field:
005 - DATE AND TIME OF LATEST TRANSACTION
- control field: 20210602183302.0
008 - FIXED-LENGTH DATA ELEMENTS
- fixed length control field: 210602|| aca||aabn | a|a d
040 ## - CATALOGING SOURCE
- Original cataloging agency:
- Transcribing agency:
150 ## - HEADING--TOPICAL TERM
- Topical term or geographic name entry element: Nuclear reactor
670 ## - SOURCE DATA FOUND
- Source citation: Work cat.: (): Sathi Sasidharan, N., Cement matrix for immobilisation of spent anionic resins in borate form arising from nuclear power plants/, 2005
